[Event "AUTO-MASTER-44"]
[Site "http://www.queenalice.com/game.php?id=29298"]
[Date "2005.9.17"]
[Round "1"]
[White "idrago"]
[Black "razoman"]
[Result "1-0"]
[WhiteElo "1910"]
[BlackElo "1861"]

1. e4 c5 2. Nf3 a6 3. c3 Nc6 4. Be2 d6 5. O-O e5 6. d4 cxd4 7. cxd4 exd4 8. Nxd4
Nf6 9. Nxc6 bxc6 10. Nc3 Be7 11. Re1 O-O 12. Be3 Rb8 13. b3 Qc7 14. Bf4 Nd7 15.
Rc1 Nb6 16. Nd5 Nxd5 17. exd5 c5 18. Bd3 g6 19. Qe2 Bf6 20. Bxa6 Bxa6 21. Qxa6
Rb6 22. Qe2 Rb4 23. Bh6 Bg7 24. Bxg7 Kxg7 25. Qb2+ Kg8 26. Qf6 Rb7 27. f4 Qd8
28. Qxd8 Rxd8 29. Kf2 Kg7 30. g4 Rb4 31. Kf3 Rd4 32. Rcd1 Ra8 33. Rxd4 cxd4 34.
Re2 Rc8 35. Ke4 Re8+ 36. Kd3 Rc8 37. Kxd4 Kf6 38. b4 Rc1 39. Rb2 Ke7 40. b5 Kd7
41. b6 Kc8 42. a4 Ra1 43. b7+ Kb8 44. Rb4 Ra2 45. g5 Rxh2 46. a5 Ra2 47. Rb5
Ra4+ 48. Kc3 Ra2 49. Kb3 Ra1 50. Kc3 Ra4 51. Kb2 Rxf4 52. a6 Ra4 53. Rb6 Ra5 54.
Rxd6 Rb5+ 55. Kc3 Ka7 56. Rd8 Rb6 57. Ra8# 1-0

[Event "AUTO-MASTER-85"]
[Site "http://www.queenalice.com/game.php?id=45106"]
[Date "2005.12.24"]
[Round "1"]
[White "salso"]
[Black "idrago"]
[Result "0-1"]
[WhiteElo "1957"]
[BlackElo "1948"]

1. e4 e5 2. Nf3 Nf6 3. d3 Nc6 4. c3 d5 5. Qc2 Be7 6. Be2 O-O 7. Be3 Be6 8. b4 d4
9. Bd2 dxc3 10. Bxc3 Bxb4 11. Bxb4 Nxb4 12. Qd2 Qd6 13. a3 Na6 14. Nc3 Nc5 15.
O-O Nb3 16. Qg5 Nxa1 17. Rxa1 Bg4 18. Qxe5 Qxe5 19. Nxe5 Bxe2 20. Nxe2 Rfe8 21.
f4 Rad8 22. g4 g5 23. fxg5 Nxe4 24. dxe4 Rxe5 25. Ng3 Rxg5 26. h3 Rd3 27. Kf2
Ra5 28. a4 Ra6 29. a5 Rad6 30. Nf5 Rd2+ 31. Ke3 R6d3+ 32. Kf4 f6 33. g5 fxg5+
34. Kxg5 Rxh3 35. Rb1 b6 36. axb6 cxb6 37. Rc1 Rhd3 38. Kf6 Kf8 39. Rh1 Rd7 40.
e5 Rf7+ 41. Ke6 Rf2 42. Nd6 Re7+ 43. Kd5 Rd2+ 44. Kc6 Rc2+ 45. Kd5 Rc5+ 46. Kd4
Rcxe5 47. Rf1+ Kg7 48. Nf5+ Rxf5 49. Rxf5 a5 50. Rb5 Re6 51. Kd5 Rg6 52. Ke4 h6
53. Rd5 Rf6 54. Rd7+ Kg6 55. Rd8 Kg5 56. Ke5 Rg6 57. Rf8 h5 0-1

[Event "AUTO-MASTER-85"]
[Site "http://www.queenalice.com/game.php?id=45107"]
[Date "2005.12.24"]
[Round "1"]
[White "idrago"]
[Black "salso"]
[Result "1/2-1/2"]
[WhiteElo "1940"]
[BlackElo "2044"]

1. e4 e6 2. d4 d5 3. Nd2 Nc6 4. Ngf3 Nf6 5. e5 Nd7 6. Nb3 Ne7 7. Be2 Nf5 8. O-O
c5 9. c3 cxd4 10. cxd4 Be7 11. Bd2 O-O 12. Rc1 Nb8 13. Bd3 Nc6 14. g4 Nh4 15.
Nxh4 Bxh4 16. f4 g5 17. f5 f6 18. exf6 Rxf6 19. fxe6 Bxe6 20. h3 Rxf1+ 21. Qxf1
Qd6 22. Qg2 Rf8 23. Rf1 Rxf1+ 24. Bxf1 Kg7 25. Qf3 Bf7 26. Bd3 Bg6 27. Bxg6 Kxg6
28. Qd3+ Kg7 29. Kg2 Qf6 30. Qf3 Qxf3+ 31. Kxf3 Kg6 32. Bc3 Nd8 33. Nc1 1/2-1/2

[Event "AUTO-MASTER-85"]
[Site "http://www.queenalice.com/game.php?id=45118"]
[Date "2005.12.24"]
[Round "1"]
[White "Scander"]
[Black "idrago"]
[Result "0-1"]
[WhiteElo "1774"]
[BlackElo "1928"]

1. Nc3 d5 2. d4 Nf6 3. f3 e6 4. Bg5 c5 5. e3 Bd7 6. Nge2 Nc6 7. Qd2 Be7 8. dxc5
Bxc5 9. Nd4 O-O 10. Nb3 Be7 11. O-O-O a6 12. e4 Rc8 13. exd5 Nb4 14. dxe6 Bxe6
15. Qf4 Nxa2+ 16. Nxa2 Rxc2+ 17. Kxc2 Bxb3+ 18. Kxb3 Qxd1+ 19. Kc4 Rc8+ 20. Qc7
Rxc7# 0-1

[Event "AUTO-MASTER-85"]
[Site "http://www.queenalice.com/game.php?id=45119"]
[Date "2005.12.24"]
[Round "1"]
[White "idrago"]
[Black "Scander"]
[Result "0-1"]
[WhiteElo "1941"]
[BlackElo "1766"]

1. e4 d6 2. d4 Nf6 3. Nc3 g6 4. Nf3 Bg7 5. Be2 O-O 6. O-O e5 7. Re1 Nc6 8. dxe5
Nxe5 9. Nxe5 dxe5 10. Qxd8 Rxd8 11. Bg5 c6 12. Rad1 Be6 13. a3 h6 14. Be3 b6 15.
h3 Kf8 16. a4 Ke7 17. f3 Nh5 18. b4 f5 19. exf5 gxf5 20. g4 Ng3 21. Bd3 e4 22.
Ne2 exd3 23. Nxg3 fxg4 24. hxg4 Bc3 0-1

[Event "AUTO-MASTER-85"]
[Site "http://www.queenalice.com/game.php?id=45126"]
[Date "2005.12.24"]
[Round "1"]
[White "idrago"]
[Black "Mengo"]
[Result "1-0"]
[WhiteElo "1946"]
[BlackElo "1606"]

1. e4 Nc6 2. d4 d5 3. e5 Bf5 4. Bb5 e6 5. Nf3 a6 6. Bxc6+ bxc6 7. O-O Bb4 8. c3
Ba5 9. Nbd2 Ne7 10. Nb3 Bb6 11. Be3 O-O 12. Nh4 h6 13. f4 Ng6 14. Nxf5 exf5 15.
Rc1 Qe7 16. Qh5 Qh4 17. Qxf5 Ne7 18. Qd3 Qg4 19. h3 Qh5 20. c4 dxc4 21. Qxc4 Qf5
22. g4 Qe4 23. Qe2 Nd5 24. Rce1 Nxe3 25. Qxe3 Qxe3+ 26. Rxe3 Rfd8 27. Rd1 a5 28.
Red3 a4 29. Nc5 Bxc5 30. dxc5 Rxd3 31. Rxd3 Rb8 32. b3 axb3 33. axb3 Rb5 34. Rc3
Kf8 35. Kf2 Ke7 36. Ke3 Ke6 37. h4 Kd5 38. g5 hxg5 39. hxg5 Rxc5 40. Rxc5+ Kxc5
41. Ke4 g6 42. f5 Kb6 43. e6 gxf5+ 44. Kxf5 fxe6+ 45. Kxe6 c5 46. g6 c4 47. bxc4
Kc5 48. g7 Kxc4 49. g8=Q c5 50. Ke5+ Kb4 51. Qg4+ Kb3 52. Kd5 Kc3 53. Qc4+ Kd2
54. Ke4 Kd1 55. Ke3 1-0

[Event "AUTO-MASTER-85"]
[Site "http://www.queenalice.com/game.php?id=45127"]
[Date "2005.12.24"]
[Round "1"]
[White "Mengo"]
[Black "idrago"]
[Result "0-1"]
[WhiteElo "1582"]
[BlackElo "1944"]

1. d4 d5 2. Bf4 Nf6 3. e3 e6 4. a3 c5 5. Nc3 Bd7 6. h3 Nc6 7. Bb5 Be7 8. Nge2
O-O 9. O-O Re8 10. dxc5 Bxc5 11. b4 Be7 12. Bxc6 Bxc6 13. Be5 a6 14. Nd4 Rc8 15.
Nxc6 Rxc6 16. Na4 b5 17. Nc3 Nd7 18. Bd4 Bf6 19. Ne2 e5 20. Bc3 Nb6 21. Bd2 Nc4
22. Bc3 Rd6 23. Ra2 d4 24. exd4 exd4 25. Ba1 d3 26. cxd3 Rxd3 27. Qc1 Bxa1 28.
Qxa1 Re5 29. Ng3 Red5 30. Qb1 Nd2 31. Qc1 Nxf1 32. Nxf1 h5 33. Ne3 Rd1+ 34. Qxd1
Rxd1+ 35. Nxd1 Qxd1+ 36. Kh2 g5 37. g4 Qd6+ 38. Kg2 Qd5+ 0-1

[Event "AUTO-OPEN-105"]
[Site "http://www.queenalice.com/game.php?id=47767"]
[Date "2006.1.13"]
[Round "2"]
[White "idrago"]
[Black "jumerski"]
[Result "1-0"]
[WhiteElo "1918"]
[BlackElo "1731"]

1. e4 c5 2. Nf3 Nc6 3. Bb5 d5 4. Nc3 d4 5. Na4 e6 6. O-O Bd7 7. b3 a6 8. Bxc6
Bxc6 9. d3 Bd6 10. e5 Be7 11. Nb2 f6 12. Bf4 g5 13. exf6 Bxf6 14. Be5 Bxe5 15.
Nxe5 h5 16. Nxc6 bxc6 17. Nc4 Nf6 18. Re1 Qe7 19. Qf3 Nd5 20. Ne5 Rh6 21. Nxc6
Kd7 22. Nxe7 1-0

[Event "AUTO-OPEN-105"]
[Site "http://www.queenalice.com/game.php?id=47768"]
[Date "2006.1.13"]
[Round "2"]
[White "jumerski"]
[Black "idrago"]
[Result "0-1"]
[WhiteElo "1743"]
[BlackElo "1938"]

1. e4 e5 2. Nf3 Nf6 3. d3 Nc6 4. Be3 d5 5. Nbd2 Be7 6. exd5 Nxd5 7. Be2 O-O 8.
O-O Be6 9. a3 f5 10. Nc4 Nxe3 11. fxe3 Bxc4 12. dxc4 Bc5 13. Qc1 f4 0-1

[Event "AUTO-MASTER-85"]
[Site "http://www.queenalice.com/game.php?id=66047"]
[Date "2006.4.29"]
[Round "2"]
[White "Jorac"]
[Black "idrago"]
[Result "0-1"]
[WhiteElo "1962"]
[BlackElo "1961"]

1. e4 e5 2. Nf3 Nf6 3. Nxe5 d6 4. Nf3 Nxe4 5. Qe2 Qe7 6. c4 Bg4 7. d4 Nd7 8. Be3
O-O-O 9. h3 Bh5 10. g4 Bg6 11. Nc3 Nb6 12. Nxe4 Bxe4 13. Bg2 h6 14. O-O g5 15.
a4 d5 16. Ne5 Bxg2 17. Kxg2 dxc4 18. Qf3 Bg7 19. Qxf7 Rhe8 20. Qxe7 Rxe7 21. a5
Nd5 22. Nxc4 Bxd4 23. Rad1 Nxe3+ 24. fxe3 Bxe3 25. Rxd8+ Kxd8 26. Re1 Bd4 27.
Rxe7 Kxe7 28. Kf3 c5 29. Ke4 Ke6 30. b3 Bc3 31. Kd3 Be1 32. a6 bxa6 33. Ne3 Ke5
34. Nc4+ Kf4 35. Ne3 Bf2 36. Nf5 h5 37. Nh6 hxg4 38. hxg4 Bd4 39. b4 Bf2 40. Kc4
cxb4 41. Kxb4 Be1+ 42. Kc5 a5 0-1

[Event "AUTO-MASTER-85"]
[Site "http://www.queenalice.com/game.php?id=66048"]
[Date "2006.4.29"]
[Round "2"]
[White "idrago"]
[Black "Jorac"]
[Result "0-1"]
[WhiteElo "1982"]
[BlackElo "1867"]

1. e4 e5 2. Nf3 Nf6 3. Nc3 Nc6 4. Bb5 Bc5 5. O-O Nd4 6. Nxd4 Bxd4 7. Ne2 Bb6 8.
d3 c6 9. Bc4 O-O 10. Bg5 d5 11. exd5 cxd5 12. Bxf6 gxf6 13. Bb3 Be6 14. Ng3 Kh8
15. Qf3 Rg8 16. Rad1 Rg6 17. Rc1 Rc8 18. Rfe1 Qd7 19. c3 Rd8 20. Bc2 Bg4 0-1

[Event "AUTO-MASTER-85"]
[Site "http://www.queenalice.com/game.php?id=66049"]
[Date "2006.4.29"]
[Round "2"]
[White "Be0wulf"]
[Black "idrago"]
[Result "0-1"]
[WhiteElo "1800"]
[BlackElo "2002"]

1. e4 e5 2. Nf3 Nf6 3. Nxe5 d6 4. Nf3 Nxe4 5. d3 Nf6 6. Be2 Be7 7. O-O O-O 8.
Re1 Bg4 9. h3 Bh5 10. c4 Nbd7 11. Nc3 c6 12. d4 Nb6 13. b3 Re8 14. Bf4 Bg6 15.
Qd2 Nh5 16. Bh2 h6 17. Bd3 Bxd3 18. Qxd3 Qd7 19. Rad1 Rad8 20. Re2 Nc8 21. Rde1
Bf8 22. d5 Rxe2 23. Qxe2 c5 24. a3 a5 25. a4 g6 26. Ne4 Bg7 27. Qe3 f5 28. Nc3
Bxc3 29. Qxc3 b6 30. Qe3 Qg7 31. Nh4 Kh7 32. Qe6 Nf6 33. Qe2 Re8 34. Qd1 Rxe1+
35. Qxe1 Ne4 36. f3 Qd4+ 37. Kf1 Nd2+ 38. Ke2 Nxb3 39. Kf1 Nd2+ 40. Ke2 Nxc4 41.
Bg1 Qxd5 42. Bf2 Qe5+ 0-1

[Event "AUTO-MASTER-85"]
[Site "http://www.queenalice.com/game.php?id=66050"]
[Date "2006.4.29"]
[Round "2"]
[White "idrago"]
[Black "Be0wulf"]
[Result "1-0"]
[WhiteElo "1977"]
[BlackElo "1761"]

1. e4 c5 2. Nf3 e6 3. d4 d5 4. Nbd2 Nf6 5. exd5 exd5 6. Bb5+ Nc6 7. O-O Be7 8.
dxc5 Bxc5 9. Nb3 Be7 10. Bxc6+ bxc6 11. Nbd4 Qc7 12. Re1 O-O 13. Nxc6 Qxc6 14.
Rxe7 Bg4 15. Bg5 Ne4 16. Ne5 Bxd1 17. Nxc6 Bxc2 18. Rc7 Ba4 19. Ne7+ Kh8 20. Bh4
f5 21. f4 Rfb8 22. b3 Bxb3 23. axb3 Rxb3 24. Nxf5 a5 25. Nxg7 a4 26. Nh5 a3 27.
Bf6+ Kg8 28. Rg7+ Kf8 29. Be7+ Ke8 30. Rg8+ Kxe7 31. Rxa8 d4 32. R8xa3 Rb5 33.
Re1 1-0

[Event "AUTO-MASTER-44"]
[Site "http://www.queenalice.com/game.php?id=69272"]
[Date "2006.5.15"]
[Round "2"]
[White "alexsoncini"]
[Black "idrago"]
[Result "0-1"]
[WhiteElo "1980"]
[BlackElo "1986"]

1. d4 d5 2. e3 Nf6 3. Bd3 e6 4. Nd2 c5 5. c3 Nc6 6. f4 Bd6 7. Nh3 c4 8. Bc2 O-O
9. Qf3 Bd7 10. O-O Qc7 11. g4 Ne7 12. e4 dxe4 13. Nxe4 Bc6 14. Nxf6+ gxf6 15.
Be4 Bxe4 16. Qxe4 f5 17. gxf5 Nxf5 18. Kf2 Kh8 19. Rg1 Rg8 20. Bd2 Rxg1 21. Rxg1
Rg8 22. Rxg8+ Kxg8 23. Ng5 h6 24. Nf3 b5 25. Ne5 a5 26. Qc6 Qxc6 27. Nxc6 Bc7
28. Kf3 h5 29. Be1 Kf8 30. b3 cxb3 31. axb3 Ke8 32. c4 bxc4 33. bxc4 a4 34. Bb4
f6 35. d5 Kd7 36. Bc3 Nd6 37. Nd4 e5 38. fxe5 fxe5 39. Ne6 Nxc4 40. Nc5+ Kd6 41.
Nxa4 Kxd5 42. Nb2 Nxb2 43. Bxb2 e4+ 44. Kg2 Kc4 45. h3 e3 46. Bc1 e2 47. Bd2 Kd3
48. Be1 Kc2 49. Kf3 Kd1 50. Bf2 Ba5 0-1

[Event "AUTO-MASTER-44"]
[Site "http://www.queenalice.com/game.php?id=69273"]
[Date "2006.5.15"]
[Round "2"]
[White "idrago"]
[Black "alexsoncini"]
[Result "1/2-1/2"]
[WhiteElo "2005"]
[BlackElo "1996"]

1. e4 e5 2. Nf3 Nc6 3. Bb5 Nge7 4. O-O g6 5. c3 Bg7 6. d4 a6 7. Bc4 b5 8. Bb3 d6
9. dxe5 dxe5 10. Qxd8+ Nxd8 11. Bg5 f6 12. Be3 Be6 13. Nbd2 Bxb3 14. Nxb3 Nb7
15. Nc5 Nxc5 16. Bxc5 Rd8 17. Rfd1 Kf7 18. Kf1 Nc6 19. Ke2 Ke6 20. a4 Rxd1 21.
Kxd1 Rd8+ 22. Ke2 h6 23. axb5 axb5 24. Ra6 Kd7 25. Nh4 Bf8 26. Bxf8 Rxf8 27.
Nxg6 Rg8 28. Rxc6 Rxg6 29. Rc5 Rxg2 30. Rxb5 Rxh2 31. Rd5+ Kc6 32. b4 Rh4 33.
Ke3 Rh3+ 34. f3 Rh1 35. Rd8 Rc1 36. Kd2 Rf1 37. Ke2 Rc1 1/2-1/2

[Event "AUTO-MASTER-44"]
[Site "http://www.queenalice.com/game.php?id=69276"]
[Date "2006.5.15"]
[Round "2"]
[White "razoman"]
[Black "idrago"]
[Result "0-1"]
[WhiteElo "1853"]
[BlackElo "1984"]

1. e4 e5 2. Nf3 Nf6 3. Nxe5 d6 4. Nf3 Nxe4 5. d3 Nf6 6. h3 Be7 7. Be2 O-O 8. O-O
b6 9. Nc3 Bb7 10. Re1 Nbd7 11. Nh2 c5 12. Bf3 d5 13. Bf4 Re8 14. Nb5 Bf8 15. Qd2
a6 16. Nc7 Rxe1+ 17. Rxe1 Rc8 18. Ng4 Rxc7 19. Bxc7 Qxc7 20. Qg5 Nxg4 21. Bxg4
Nf6 22. Bf3 Qd7 23. Bg4 Qa4 24. Qe5 Bc6 0-1

[Event "AUTO-MASTER-44"]
[Site "http://www.queenalice.com/game.php?id=69277"]
[Date "2006.5.15"]
[Round "2"]
[White "idrago"]
[Black "razoman"]
[Result "1-0"]
[WhiteElo "1995"]
[BlackElo "1842"]

1. e4 c6 2. d4 d5 3. Nc3 dxe4 4. Nxe4 Bf5 5. Ng3 Bg6 6. Nf3 Nd7 7. h4 h6 8. h5
Bh7 9. Bd3 Ngf6 10. O-O Bxd3 11. Qxd3 e6 12. Bf4 Be7 13. Qb3 Nb6 14. c4 O-O 15.
Rfe1 Ng4 16. Ne4 a5 17. Qd3 Re8 18. a3 a4 19. Rad1 Ra5 20. c5 1-0

[Event "AUTO-MASTER-44"]
[Site "http://www.queenalice.com/game.php?id=69281"]
[Date "2006.5.15"]
[Round "2"]
[White "salso"]
[Black "idrago"]
[Result "1-0"]
[WhiteElo "1929"]
[BlackElo "2005"]

1. d4 d5 2. e3 Nf6 3. Bd3 e6 4. Nd2 c5 5. c3 Nc6 6. f4 Bd6 7. Nh3 c4 8. Bc2 O-O
9. O-O Bd7 10. Ng5 h6 11. Ngf3 Qc7 12. Ne5 b5 13. Qf3 a5 14. Nxd7 Qxd7 15. e4
dxe4 16. Nxe4 Nxe4 17. Bxe4 Rac8 18. f5 Be7 19. Bxc6 Qxc6 20. Qxc6 Rxc6 21. Bd2
exf5 22. Rxf5 Rb8 23. a3 a4 24. Raf1 Rf6 25. Rxf6 Bxf6 26. Rf5 Kf8 27. Kf2 Rb7
28. Bxh6 Bh4+ 29. g3 Bxg3+ 30. hxg3 gxh6 31. g4 Ke7 32. Kg3 Kd8 33. Rf6 Re7 34.
Rxh6 Re2 35. Rh2 1-0